| 000 | 00519cam a2200193ua 4500 | ||
|---|---|---|---|
| 001 | 2841 | ||
| 005 | 20260515113601.0 | ||
| 008 | 110912n ii |||gr||||Z||||||asm | ||
| 040 | _cMAIN | ||
| 082 | _a491.451 | ||
| 100 |
_aDas, Prabin Chandra, _eAuthor. |
||
| 245 | 1 | 1 |
_aAsamiya bhasa aru sahityar katha _cby Prabin Chandra Das |
| 250 | _a2nd. | ||
| 260 |
_aGuahati: _bBani prakash pvt. ;td.,993. |
||
| 300 |
_a162p: _c23cm. |
||
| 653 | _aAssamese language | ||
| 653 | _aAsamiya bhasa aru sahityar katha | ||
| 942 | _cBK | ||
| 999 |
_c2688 _d2688 |
||